LIBRARY & INFORMATION CENTRE, KCAET, TAVANUR

ONLINE PUBLIC ACCESS CATALOGUE (OPAC)

Properties of matter / (Record no. 1929)

MARC details
000 -LEADER
fixed length control field 00365cam a2200157ua 4500
041 ## - LANGUAGE CODE
Language code of text/sound track or separate title eng
082 ## - DEWEY DECIMAL CLASSIFICATION NUMBER
Classification number 530.412
Item number STE/PR
100 ## - MAIN ENTRY--AUTHOR NAME
Personal name Steels, H .
245 ## - TITLE STATEMENT
Title Properties of matter /
250 ## - EDITION STATEMENT
Edition statement 3 /
260 ## - PUBLICATION, DISTRIBUTION, ETC. (IMPRINT)
Place of publication London :
Name of publisher John Murray ,
Year of publication 1959.
300 ## - PHYSICAL DESCRIPTION
Number of Pages 218 ; .
942 ## - ADDED ENTRY ELEMENTS (KOHA)
Koha item type Books
Holdings
Withdrawn status Lost status Damaged status Home library Current library Date acquired Full call number Accession Number Koha item type Cost, normal purchase price
      KAUAET KAUAET 07/04/2012 530.412 STE/PR 5510 Books  
Withdrawn   Damaged KAUAET KAUAET 24/06/2020 530.412 STE/PR 7393 Books 7.50
free website counter